| 000 | nkm a22 a 4500 | ||
|---|---|---|---|
| 999 |
_c398434 _d398434 |
||
| 003 | BLK | ||
| 005 | 20210212155110.0 | ||
| 008 | 210212b bu ||||| |||| 00| 0 bu d | ||
| 040 | _aBLK | ||
| 041 |
_aDEU _cDEU |
||
| 080 |
_aРисуване. Общи въпроси _b741 _z741 |
||
| 139 |
_aCorpus der Goetheszeichnungen _bC 81 |
||
| 245 |
_aCorpus der Goetheszeichnungen _bB.1- _cBearbeiter Gerhard FemmelB.1 _nB. 4a _p№ 1 - 348 Nachtitalienische Landschaften |
||
| 250 | _a2 Aufl. | ||
| 260 |
_9216125 _aLeipzig _bVEB E. A. Seeman Buch- und Kunstverl. _c1972 |
||
| 300 | _c26 см | ||
| 380 | _a7 | ||
| 490 |
_9208063 _aGoethes Sammlungen zur Kunst, Literatur und Naturwissenschaft |
||
| 650 | 7 |
_9152737 _aГьоте, Йохан Фолфганг фон |
|
| 653 | 7 |
_9188078 _aЙохан Гьоте |
|
| 653 | 7 |
_9195603 _aрисунки |
|
| 700 |
_939 _aFemmel, Gerhard _ebearb. |
||
| 760 |
_h120 с.; 348 с. : репрод. _tB.4a № 1 348.Nachtitalienische Landschaften |
||
| 852 |
_aЦб ІІ 26710 _bО |
||
| 942 |
_cGRA _n0 _s1 |
||
| 944 |
_aCR _c2021-02-12 _kХристина Везирева |
||
| 999 | _d398431 | ||
| 999 | _d398431 | ||
| 999 | _d398427 | ||
| 999 | _d398422 | ||